| 000 | 00469nam a2200157 i 4500 | ||
|---|---|---|---|
| 001 | 49854 | ||
| 003 | ES-MaACL | ||
| 007 | t| | ||
| 008 | 030724s1983 sp ||||1| spa d | ||
| 100 | 1 |
_aCracknell, A.P. _941417 |
|
| 245 | 1 | 0 |
_aUltrasonidos / _cA.P. Cracknell ; [traducido por José León González]. |
| 260 |
_aMadrid : _bParaninfo, _c1983. |
||
| 300 |
_a194 p. : _bil. ; _c22 cm. |
||
| 700 | 1 |
_aLeón González, José. _971622 |
|
| 852 |
_aES-MaACL _jL-4826 _bR.105069 |
||
| 999 |
_c49854 _d49854 |
||